|
|
|
|
| LEADER |
01103cam a2200253 7i4500 |
| 001 |
0000007216 |
| 005 |
20170218090000.0 |
| 020 |
|
|
|a 9058090809 (hbk. ; vol. 1)
|
| 020 |
|
|
|a 9058090795 (hbk. ; set)
|
| 020 |
|
|
|a 9058090817 (hbk. ; vol. 2)
|
| 090 |
0 |
0 |
|a TA170.A1
|b .I42 1999
|
| 111 |
2 |
|
|a International Symposium on Slope Stability Engineering
|c Matsuyama, Shikoku, Japan
|d 1999
|
| 245 |
1 |
0 |
|a Slope stability engineering :
|b proceedings of the International Symposium on Slope Stability Engineering- IS-Shikoku'99 / Matsuyama / Shikoku / Japan / 8-11 November 1999
|c Edited by Norio Yagi, Takuo Yamagami & Jing-Cai Jiang.
|
| 260 |
|
|
|a Rotterdam:
|b A.A. Balkema,
|c 1999.
|
| 300 |
|
|
|a 2 v. (various pagings):
|b ill.;
|c 25cm.
|
| 650 |
0 |
0 |
|a Soil stabilization
|
| 650 |
0 |
0 |
|a Landslides
|
| 650 |
0 |
0 |
|a Slopes (Soil mechanics)
|
| 700 |
1 |
|
|a Jiang, Jing-Cai
|
| 700 |
1 |
|
|a Yamagami, Takuo
|
| 700 |
1 |
|
|a Yagi, Norio
|
| 997 |
|
|
|a Engineering, Faculty
|b Engineering, Department
|
| 999 |
|
|
|a 0000003271
|b BOK
|c OPEN SHELF
|e 2nd Floor, Bestari Jaya
|
| 999 |
|
|
|a 0000003272
|b BOK
|c OPEN SHELF
|e 2nd Floor, Bestari Jaya
|